Las maravillas del señor 3 / (Registro nro. 13347)

Detalles MARC
000 -LIDER
fixed length control field 00591nam a22001937a 4500
003 - IDENTIFICACDOR DE NÚMERO DE CONTROL
control field DO-SdBNP
005 - DATE AND TIME OF LATEST TRANSACTION
control field 20180309084552.0
008 - ELEMENTOS DE LONGITUD FIJA
fixed length control field 180309b1978 ck||||| |||| 00| 0 spa d
040 ## - FUENTE DE CATALOGACIÓN
Agencia que crea de manera original el registro BPMSU
Idioma de catalogación spa
Agencia que realiza la transcripción BPMSU
100 ## - ASIENTO PRINCIPAL -- NOMBRE PERSONAL
Nombre personal Vallejo Bolaño, Luis
245 ## - MENCIÓN DE TITULO
Título Las maravillas del señor 3 /
Mención de responsabilidad Luis Vallejo Bolaño, Gloria Cuellar de López
250 ## - MENCIÓN DE EDICION
Mención de edición 7 ma ed.
260 ## - PUBLICACIÓN, DISTRIBUCIÓN, ETC. (PIE DE IMPRENTA)
Lugar de publicación, distribución, etc Bogotá :
Nombre del editor, distribuidor, etc. Centro Nacional de Catequesis
Fecha de publicación, distribución, etc 1978
300 ## - DESCRIPCIÓN FÍSICA
Extensión [ 112 p. ]
Otros detalles físicos il.
Dimensiones 24 cm
700 ## - ASIENTO SECUNDARIO -- NOMBRE PERSONAL
Nombre personal Cuellar de López, Gloria
942 ## - ADDED ENTRY ELEMENTS (KOHA)
Source of classification or shelving scheme Dewey Decimal Classification
Koha item type Libros
945 ## - INFORMACIÓN DE PROCESAMIENTO LOCAL
Información de procesamiento local inventariado, 2018 / dg
956 ## - LOCAL ELECTRONIC LOCATION AND ACCESS (OCLC)
Nombre de host dgarcia
Número de acceso 10
Existencias
Withdrawn status Lost status Source of classification or shelving scheme Damaged status Not for loan Collection code Home library Current library Date acquired Source of acquisition Total Checkouts Barcode Date last seen Price effective from Koha item type
    Dewey Decimal Classification     Colección General Biblioteca Pública Metropolitana Salomé Ureña Biblioteca Pública Metropolitana Salomé Ureña 03/09/2018 Donado   BPMSU18030031 03/09/2018 03/09/2018 Libros